Notice sommaire des monuments égyptiens exposés dans les galeries du Musée du Louvre / (Registro nro. 164001)

Detalles MARC
000 -LEADER
campo de control de longitud fija 00682nam a22001935i 4500
001 - NÚMERO DE CONTROL
campo de control 164001
003 - IDENTIFICADOR DE NÚMERO DE CONTROL
campo de control ES-MaACL
005 - FECHA Y HORA DE LA ÚLTIMA TRANSACCIÓN
campo de control 20251014063236.0
008 - DATOS DE LONGITUD FIJA--INFORMACIÓN GENERAL
campo de control de longitud fija 050816s1865 fr | |||||||| ||fre d
040 ## - FUENTE DE CATALOGACIÓN
Centro catalogador/agencia de origen CAM
Lengua de catalogación spa
Centro/agencia transcriptor CAM
100 1# - ENTRADA PRINCIPAL--NOMBRE DE PERSONA
Nombre de persona Rougé, Emmanuel,
Títulos y otros términos asociados al nombre Vicomte de
9 (RLIN) 132094
245 10 - MENCIÓN DEL TÍTULO
Título Notice sommaire des monuments égyptiens exposés dans les galeries du Musée du Louvre /
Mención de responsabilidad, etc. par le Vicomte Emmanuel de Rougé.
250 ## - MENCION DE EDICION
Mención de edición 4e éd.
260 ## - PUBLICACIÓN, DISTRIBUCIÓN, ETC.
Lugar de publicación, distribución, etc. Paris :
Nombre del editor, distribuidor, etc. Charles de Mourgues Frères,
Fecha de publicación, distribución, etc. 1865.
300 ## - DESCRIPCIÓN FÍSICA
Extensión 130 p. ;
Dimensiones 19 cm.
610 2# - PUNTO DE ACCESO ADICIONAL DE MATERIA--NOMBRE DE ENTIDAD CORPORATIVA
Nombre de entidad corporativa o nombre de jurisdicción como elemento de entrada Musée du Louvre.
Unidad subordinada Monumentos egipcios.
9 (RLIN) 134703
852 ## - LOCALIZACIÓN
Ubicación ES-MaACL
Número de control de estantería D-1802
Nota libre -- Enc. hol.
Existencias
Estatus retirado Estado de pérdida Estado de daño No para préstamo Colección Biblioteca de origen Biblioteca actual Ubicación en estantería Fecha de adquisición Fuente de adquisición Total de préstamos Signatura topográfica completa Código de barras Visto por última vez Precio de reemplazo Tipo de ítem Koha
        Libros del s. XIX Biblioteca del Ateneo de Madrid Biblioteca del Ateneo de Madrid Sala Valle Inclán 17/01/2008     D-1802 901171884 23/02/2023 23/02/2023 Libro impreso antiguo